| 000 | 00981nam a2200325Ia 4500 | ||
|---|---|---|---|
| 003 | OSt | ||
| 005 | 20221006141408.0 | ||
| 006 | a|||||r|||| 00| 0 | ||
| 007 | ta | ||
| 008 | 221006b |||||||| |||| 00| 0 eng d | ||
| 024 | _a2,079 | ||
| 037 | _cTextual | ||
| 040 |
_aEASL _cEASL _beng |
||
| 041 |
_2eng _aeng |
||
| 082 | _aY:6.41.N67, K7.3 | ||
| 100 |
_aSHURMANN Franz Ed. _9645590 |
||
| 245 | 0 | _aChina reader, 5 Vols. | |
| 260 |
_aNew York _bRandom House _c1967 |
||
| 300 |
_a667p. _ccm. |
||
| 490 | _vV.1: Imperial China | ||
| 500 | _aScanned (Vo.2: Republican China) | ||
| 650 |
_a Economy - China _9645591 |
||
| 650 |
_a Education Media - Culture - China _9645592 |
||
| 650 |
_a Jiang Zemin _9645593 |
||
| 650 |
_a Security and foreign relations _9645594 |
||
| 650 |
_aDeng Xiaoping _9645595 |
||
| 700 | _a SCHELL Orville Ed. | ||
| 942 |
_hY:6.41.N67, K7.3 _cTEXL _2CC |
||
| 999 |
_c1070165 _d1070165 |
||